000
00280nam a22001337a 4500
008
181019b xxu||||| |||| 00| 0 eng d
020
_a
9780878913640
041
_a
eng
080
_a
038
100
_a
21
101
_a
FJA
245
_a
Made Nice & Easy
_c
REA
942
_2
udc
_c
BK
999
_c
50273
_d
50273